| 000 | 01229cam a2200277 4500 | ||
|---|---|---|---|
| 001 | L137347 | ||
| 008 | 070330s2007 xxk f 000 0 eng d | ||
| 035 | _a(Sirsi) u137347 | ||
| 041 | 0 | _aeng | |
| 110 | 2 |
_aUnited Kingdom _kLaws, etc _95044 |
|
| 245 | 0 | 4 |
_aThe Capital Gains Tax (Annual Exempt Amount) Order 2007 _h[electronic resource] |
| 260 |
_aLondon _bTSO _c2007 |
||
| 490 | 0 |
_aSI _v2007: 560 |
|
| 520 | _aSpecifies £9,200 as the exempt amount for the year 2007-08, by virtue of section 3 of the Taxation of Chargeable Gains Act 1992, unless Parliament otherwise determines. The amount for 2006-07 increased by the amount of the percentage increase in the retail prices index for September 2006 over that for September 2005. | ||
| 590 | _aKA | ||
| 650 | 2 | 4 | _aTAXATION OF CHARGEABLE GAINS ACT 1992 |
| 650 | 2 | 4 | _aFINANCE ACT 1993 |
| 650 | 2 | 4 | _aFINANCE ACT 1998 |
| 650 | 2 | 4 | _aFINANCE ACT 2003 |
| 650 | 2 | 4 | _aINCOME AND CORPORATION TAXES ACT 1988 |
| 650 | 2 | 4 | _aCAPITAL GAINS TAX ORDER (EXEMPT AMOUNT) 2007 |
| 651 | 4 |
_aEngland and Wales _y1543- |
|
| 690 | _aPROPERTY-PROPERTY TAXATION | ||
| 856 | 4 | 8 |
_uhttps://www.opsi.gov.uk/si/si2007/20070942.htm _zView the item free of charge at www.opsi.gov.uk... |
| 942 | _n0 | ||
| 999 |
_c106743 _d106743 |
||